The Definitive Legend Of Zelda Quiz - Statistics

General Stats
  • This quiz has been taken 21 times
  • The average score is 52 of 85
Answer Stats
Hint Answer % Correct
The main antagonist Ganondorf
100%
The inhabitants ^ Goron
100%
The kingdom Hyrule
100%
The main protagonist Link
100%
The video game company Nintendo
100%
The first series installment The Legend of Zelda
100%
The princess Zelda
100%
The desert region (and inhabitants) Gerudo
94%
The protagonist's sword Master Sword
94%
The powerful force The Triforce
94%
The player's companion Tri
94%
The protagonist's steed Epona
89%
The large lake Lake Hylia
89%
The mysterious forest Lost Woods
89%
The piece that the player possesses Triforce of Courage
89%
The piece that the enemy possesses Triforce of Power
89%
The inhabitants ^ Zora
89%
The forest's leader Great Deku Tree
83%
The inhabitants ^ Korok
83%
The piece that the princess possesses Triforce of Wisdom
83%
The nineteenth series installment Breath of the Wild
72%
The inverse of ^ Lorule
72%
The player's fairy companion Navi
72%
The twentieth series installment Tears of the Kingdom
72%
The third series installment A Link to the Past
67%
The most recent series installment Echoes of Wisdom
67%
The spirit that lives in the player's sword Fi
67%
The fourth series installment Link's Awakening
67%
The sixth series installment Majora's Mask
67%
The fifth series installment Ocarina of Time
67%
The sixteenth series installment Skyward Sword
67%
The tenth series installment The Wind Waker
67%
The thirteenth series installment Twilight Princess
67%
The antagonist in this game Demise
61%
The volcanic region Eldin
61%
The ninth series installment Four Swords
61%
The snowy mountain region Hebra
61%
The forest the player starts in Kokiri Forest
61%
The person who follows the adult player Sheik
61%
The island the player starts on Skyloft
61%
The fifteenth series installment Spirit Tracks
61%
The eleventh series installment The Minish Cap
61%
The player's transportation method Train
61%
The seventeenth series installment A Link Between Worlds
56%
The princess of twilight Midna
56%
The fourteenth series installment Phantom Hourglass
56%
The inhabitants ^ Rito
56%
The person wearing the titular mask Skull Kid
56%
Where the player travels through time Temple of Time
56%
The pirate who is secretly the princess Tetra
56%
The looming threat to the region The Moon
56%
The antagonist in this game Vaati
56%
The player turns into this animal Wolf
56%
The antagonist's admirer Ghirahim
50%
The spider that has infested the giant tree Gohma
50%
The starting area Great Plateau
50%
The shadow sage Impa
50%
The player's pet/transportation Loftwing
50%
The seventh/eighth series installments Oracle of Ages/Seasons
50%
The forest sage Saria
50%
The main region in this game Termina
50%
The second series installment The Adventure of Link
50%
The eighteenth series installment Tri Force Heroes
50%
The antagonist in this game Yuga
50%
This game's ancient civilization Zonai
50%
The player's school bully Groose
44%
The merchant who lives in the player's home Ravio
44%
This game's enemy apprentice Zant
44%
The enemy of this game Bellum
39%
The leader of the S.S. Linebeck Captain Linebeck
39%
The dark version of the kingdom Dark World
39%
The fire sage Darunia
39%
The spirit sage Nabooru
39%
The light sage Rauru
39%
The water sage Ruto
39%
This game's antagonist apprentice Agahnim
33%
The player's talking hat Ezlo
33%
The player's talking boat King of Red Lions
33%
The island ^ takes place on Koholint Island
33%
The three stones the player must collect Spiritual Stones
33%
The antagonist for this game is sealed here The Sacred Realm
33%
The Oracle of Seasons Din
28%
The Oracle of Ages Nayru
28%
The sisters that attempt to revive the enemy Twinrova
28%
The twelfth series installment Four Swords Adventures
22%
No matching quizzes found
Score Distribution
Percent of People with Each Score
Percentile by Number Answered
Your Score History
You have not taken this quiz